Famous Matts - Statistics

General Stats
  • This quiz has been taken 37 times
  • The average score is 8 of 20
Answer Stats
Hint Answer % Correct
Star of the Jason Bourne movies Matt Damon
94%
Actor who starred as Chandler in Friends Matthew Perry
91%
Actor who starred as Joey in Friends Matt Le Blanc
81%
Winner of the 2014 Best Actor Oscar for his starring role in Dallas Buyer's Club Matthew McConaughey
75%
Actor who played the title role in Ferris Bueller's Day Off Matthew Broderick
72%
Animation screenwriter best known as the creator of The Simpsons and Futurama Matt Groening
69%
British actor who starred as the Eleventh Doctor in Doctor Who Matt Smith
50%
Comedy partner of David Walliams Matt Lucas
38%
Controversial right-wing Florida congressman who was briefly nominated as Donald Trump's Attorney-General pick in 2024 Matt Gaetz
31%
Former news anchor who was sacked from NBC in 2017 following numerous sexual assault allegations Matt Lauer
31%
Actor who starred in Crash and There's Something About Mary Matt Dillon
28%
Lead singer of Muse Matthew Bellamy
28%
Actor who played Shaggy in the live-action Scooby Doo movies Matthew Lillard
25%
English crooner sometimes known as "the man with the golden voice" Matt Monro
25%
Often regarded as incompetent, this politician served as the UK's Health Secretary for much of the COVID-19 pandemic Matt Hancock
19%
Actor who appeared as Neville Longbottom in the Harry Potter movies Matthew Lewis
16%
Puritan Witchfinder-General during the English Civil War Matthew Hopkins
9%
Actor who starred in Magic Mike, In Time and The Nice Guys Matt Bomer
6%
Drummer of Pearl Jam Matt Cameron
6%
Actor who starred as Tom Wambsgans in HBO's Succession, Mr. Darcy in Pride & Prejudice and Tom Quinn in Spooks Matthew Macfadyen
6%
No matching quizzes found
Score Distribution
Percent of People with Each Score
Percentile by Number Answered
Your Score History
You have not taken this quiz